LEADER 01146nam a2200205 i 4500 001 000000224733 003 CaOOAMICUS 005 20131111000000.0 008 131111s1836 it u000 u lat u 013 $a203631 040 $aSeMil$bita 245 10$aTomus 118. 300 $a559 p. 773 0 $aAugustinus, Aurelius $tSancti Augustini Hipponensis episcopi opera omnia multis sermonibus ineditis aucta et locupletata.$b[dal 1842] Editio nova / accurantibus D. A. B. Caillau ... nonnullisque cleri gallicani presbyteris.$dParisiis : Apud Paul Mellier, 1836.$g11$w()10069 773 0 $aGuillon, Marie Nicolas Sylvestre <1760-1847>$tCollectio selecta SS. Ecclesiae Patrum, complectens exquisitissima opera tum dogmatica et moralia, tum apologetica et oratoria; accurantibus D. Caillau ... una cum D.M.N.S. Guillon ..$dParisiis : Apud Méquignon-Havard, 1829-1840 (Parisiis : Typis Decourchant)$g118$w()28977 850 $aSeMil 852 $aSeMil$W1$xVenegono$y1$m2S II 118 FA$j175079$B175079$CSeMilBibl$Z2$F185048 $8I 941 1 $a10 961 $aRecupero: Mantegazza 996 $6245$aTomus 118$9(OLS)http://semarc/title/322048 LEADER 01226nam a2200229 i 4500 001 000000233993 003 CaOOAMICUS 005 20141002000000.0 008 141002s1901 it u000 u ita u 013 $a212896 040 $aSeMil$bita 245 10$aCodici :$bcodice civile, codice di procedura civile, codice di commercio, codice per la marina mercantile, codice penale, codice di procedura penale, codice penale per l'esercito, codice penale militare marittimo. 250 $a2. ed. riveduta. 260 $aMilano :$bUlrico Hoepli,$c1901. 300 $a1259 p. ;$c16 cm. 490 0 $aManuali Hoepli 773 0 $tCodici e leggi del Regno d'Italia.$dMilano : Ulrico Hoepli, 1901.$kManuali Hoepli$g1$w()30623 830 0$aManuali Hoepli.$0(OLS)http://semarc/title/7639 850 $aSeMil 852 $aSeMil$W1$xVenegono$y1$m2ZB IV 20 FA$j184339$B184339$CSeMilBibl$Z2$F195328 $8I 996 $6245$aCodici :$bcodice civile, codice di procedura civile, codice di commercio, codice per la marina mercantile, codice penale, codice di procedura penale, codice penale per l'esercito, codice penale militare marittimo$9(OLS)http://semarc/title/334034 996 $6260$aMilano :$bUlrico Hoepli$9(OLS)http://semarc/publisher/29765